Paroles - Le chant des cygnes, Indochine - Statistiques

Statistiques générales
  • Ce quiz a été pris 98 fois
  • Le résultat moyen est 179 sur 222
Statistiques - réponses
Parole % Correct
chant
100%
cygne
100%
de
100%
De
100%
le
100%
les
100%
Les
100%
des
98%
Des
98%
A
96%
à
96%
cygnes
96%
la
96%
La
96%
j'
94%
J'
94%
C'est
93%
c'est
93%
Je
93%
je
93%
Que
93%
au
91%
Au
91%
héroïnes
91%
héroînes
91%
ne
91%
Ne
91%
pas
91%
Ca
85%
fille
85%
cœur
83%
coeur
83%
filles
83%
guerrières
83%
irai
83%
qui
83%
salauds
83%
ville
83%
guerre
81%
mais
81%
Mais
81%
tout
81%
Cette
80%
cette
80%
dans
80%
orphelines
80%
pendant
80%
regarde
80%
taureaux
80%
toi
80%
besoin
78%
civile
78%
là-bas
78%
l'assaut
78%
personne
78%
mourir
76%
n'existe
76%
seul
76%
Et
70%
et
70%
sauf
70%
un
70%
comme
69%
Comme
69%
n'aurais
69%
par
69%
plus
69%
Ils
67%
encore
65%
du
63%
forte
63%
une
61%
déchirés
59%
te
59%
milliers
57%
racine
57%
Sois
57%
Danser
56%
Ton
56%
toujours
56%
croise
54%
derrière
54%
devenir
54%
garçons
54%
J'aimerai
54%
retourne
54%
seront
54%
tant
54%
amoureuse
52%
corps
52%
ont
50%
qu'elles
50%
torrents
50%
courage
48%
fannées
48%
fleurs
48%
fond
48%
prisons
48%
Stupéfait
46%
aura
44%
rage
44%
raison
44%
dit
43%
sauvages
43%
frissons
41%
maman
41%
noir
39%
quitter
35%
tombeaux
35%
Aucun quiz correspondant
Distribution des résultats
% des personnes avec chaque résultat
Percentile par nombre de réponses
Votre historique - résultats
Vous n’avez pas pris ce quiz